Shirley / (Record no. 22783)

000 -LEADER
fixed length control field 01686 a2200265 4500
003 - CONTROL NUMBER IDENTIFIER
control field Nust
005 - DATE AND TIME OF LATEST TRANSACTION
control field 20180718063758.0
008 - FIXED-LENGTH DATA ELEMENTS--GENERAL INFORMATION
fixed length control field 170121b xxu||||| |||| 00| 0 eng d
020 ## - INTERNATIONAL STANDARD BOOK NUMBER
International Standard Book Number 1853260649 (paperback)
Terms of availability Rs. 236
020 ## - INTERNATIONAL STANDARD BOOK NUMBER
International Standard Book Number 9781853260643 (paperback)
038 ## - RECORD CONTENT LICENSOR
Staff Name Arshad
040 ## - CATALOGING SOURCE
Original cataloging agency NUST- Fiction
082 04 - DEWEY DECIMAL CLASSIFICATION NUMBER
Classification number 823.8
Author Mark BRO
100 1# - MAIN ENTRY--PERSONAL NAME
Personal name Bronte, Charlotte.
9 (RLIN) 403
245 10 - TITLE STATEMENT
Title Shirley /
Statement of responsibility, etc. Charlotte Bronte.
260 ## - PUBLICATION, DISTRIBUTION, ETC.
Place of publication, distribution, etc. London :
Name of publisher, distributor, etc. Wordsworth Editions Ltd,
Date of publication, distribution, etc. 1998.
300 ## - PHYSICAL DESCRIPTION
Extent 496 p. ;
Dimensions 20 cm.
490 1# - SERIES STATEMENT
Series statement Wordsworth classics) (wordsworth collection.
520 ## - SUMMARY, ETC.
Summary, etc. The Shirley of the title is a woman of independent means; her friend Caroline is not. Both struggle with what a woman's role is and can be. Their male counterparts - Louis, the powerless tutor, and Robert, his cloth-manufacturing brother - also stand at odds to society's expectations. The novel is set in a period of social and political ferment, featuring class disenfranchisement, the drama of Luddite machine-breaking, and the divisive effects of the Napoleonic Wars. But Charlotte Bront's particular strength lies in exploring the hidden psychological drama of love, loss and the quest for identity. Personal and public agitation are brought together against the dramatic backdrop of her native Yorkshire. As always, Bront challenges convention, exploring the limitations of social justice whilst telling not one but two love stories.
650 ## - SUBJECT ADDED ENTRY--TOPICAL TERM
Topical term or geographic name entry element Textile industry
9 (RLIN) 11798
650 ## - SUBJECT ADDED ENTRY--TOPICAL TERM
Topical term or geographic name entry element Manners and customs
9 (RLIN) 11348
830 #0 - SERIES ADDED ENTRY--UNIFORM TITLE
Uniform title Wordsworth classics) (wordsworth collection.
9 (RLIN) 11799
856 40 - ELECTRONIC LOCATION AND ACCESS
Materials specified Amazon.com
Uniform Resource Identifier <a href="http://www.amazon.com/exec/obidos/ASIN/1853260649/chopaconline-20">http://www.amazon.com/exec/obidos/ASIN/1853260649/chopaconline-20</a>
942 ## - ADDED ENTRY ELEMENTS (KOHA)
Koha item type Book
Source of classification or shelving scheme
Holdings
Withdrawn status Lost status Source of classification or shelving scheme Damaged status Not for loan Collection code Permanent Location Current Location Shelving location Date acquired Total Checkouts Full call number Barcode Date last seen Date last checked out Copy number Price effective from Koha item type
            Central Library (CL) Central Library (CL) Fiction 01/21/2017 2 823.8 BRO CL831 02/09/2026 12/13/2025 1 01/21/2017 Book
© 2023 Central Library, National University of Sciences and Technology. All Rights Reserved.